NMIXX Music Show Wins - Statistics

General Stats
  • This quiz has been taken 71 times
  • The average score is 11 of 15
Answer Stats
Hint Answer % Correct
DASH Yes
89%
Funky Glitter Christmas No
88%
Kiss No
88%
High Horse No
84%
Love Me Like This Yes
84%
TANK No
82%
Young, Dumb, Stupid No
80%
Party O'Clock No
75%
Roller Coaster No
73%
Run for Roses No
73%
KNOW ABOUT ME Yes
73%
O.O No
64%
See that? Yes
64%
Sonar No
61%
DICE No
50%
No matching quizzes found
Score Distribution
Percent of People with Each Score
Percentile by Number Answered
Your Score History
You have not taken this quiz